[Event "EU-ch (Women) 13th"]
[Site "Gaziantep"]
[Date "2012.03.12"]
[Round "10"]
[White "Cmilyte, Viktorija"]
[Black "Muzychuk, Anna"]
[Result "0-1"]
[WhiteElo "2497"]
[BlackElo "2583"]
[Annotator "Mikhalchishin,A"]
[PlyCount "78"]
[EventDate "2012.03.02"]
[EventType "swiss"]
[EventRounds "11"]
[EventCountry "TUR"]
[SourceTitle "CBM 147 Extra"]
[Source "ChessBase"]
[SourceDate "2012.04.24"]
[SourceVersion "1"]
[SourceVersionDate "2012.04.24"]
[SourceQuality "1"]

1. Nf3 d5 2. d4 Nf6 3. c4 c6 4. Nc3 e6 5. Bg5 h6 6. Bh4 dxc4 7. e4 g5 8. Bg3 b5
9. Be2 Bg7 {A rare variation. Some other more principled moves have been tried
here.} 10. Qc2 {A bit too soft.} ({Other tries are much more logical} 10. a4 g4
11. Ng1 (11. Nd2 b4 12. Na2 Qxd4 13. Nxb4 c3 14. bxc3 Qxc3 15. O-O Qxb4 16. Nc4
Nxe4 17. Rb1 Qc5 18. Nd6+ Nxd6 19. Bxd6 Qd4 {with advantage to Black, Werle,
J-Motylev,A/Wijk aan Zee 2009}) 11... b4 12. e5 bxc3 13. exf6 Bxf6 14. bxc3 Qa5
15. Rc1 h5 16. h3 gxh3 17. Nxh3 h4 18. Bf4 Nd7 19. Bf3 Bb7 20. O-O O-O-O 21.
Bd6 Nb6 22. Bb4 Qf5 {with a sharp but sound position for Black, Spassky,
B-Antoshin,V/Sochi 1964}) (10. e5 Nh5 11. Ne4 O-O 12. Qc2 Na6 13. O-O-O Qa5 14.
Qb1 Nb4 15. a3 Nd5 16. Nfxg5 hxg5 17. Bxh5 Bh6 18. Qc2 Rb8 19. Nf6+ Nxf6 20.
exf6 e5 21. Bxf7+ Rxf7 22. Qg6+ Bg7 23. dxe5 c3 24. h4 g4 25. h5 b4 26. h6 Bf5
27. Qxf5 bxa3 28. h7+ Kh8 29. fxg7+ Rxg7 30. b4 a2 31. bxa5 a1=Q+ 32. Kc2 Qb2+
33. Kd3 c2 34. Rc1 Rd8+ 35. Ke2 Qb5+ 36. Ke1 Qb4+ 37. Kf1 Rd1+ 38. Ke2 Qd2# {
0-1 Ragger,M-Potkin,V/Moscow 2009/CBM 129}) (10. h4 g4 11. Ne5 h5 12. O-O b4
13. Na4 Nxe4 14. Bxc4 Bb7 15. Nc5 Nxc5 16. dxc5 Qxd1 17. Raxd1 Ba6 18. Nxc6 O-O
19. Bxa6 Nxa6 20. Bd6 Rfe8 21. Rd2 Bf8 22. Rc1 Bh6 23. Rdc2 Bxc1 24. Rxc1 f6
25. Rc4 Kf7 $11 {Akobian,V-Ceballos Hornero,D/Alajuela 2006/}) 10... Nh5 (10...
g4 {is a very risky, materialistic approach:} 11. Ne5 Qxd4 12. Rd1 Qb6 13. Nxg4
Nxg4 14. Bxg4 Nd7 15. Be2 Bb7 16. O-O Ne5 17. Rd6 O-O 18. Rfd1 Rfd8 19. Nxb5
Nd3 20. Bxd3 cxd3 21. R1xd3 {with unpleasant threats in Avrukh, B-Livshits,G/
Ramat Aviv 2004.}) 11. Rd1 ({Anyhow it was better to try to exchange both
bishops:} 11. Be5) ({Or to play for all or nothing!} 11. O-O-O) 11... Nxg3 12.
hxg3 g4 13. Nh2 f5 $5 ({Another option would be to exclude the white knight
with} 13... h5) 14. exf5 ({Classical theory would recommend bringing the
knight back into action} 14. Nf1 $1) 14... exf5 15. d5 $5 {This shows
Cmilyte's very aggressive attitude.} Qf6 ({Another playable reply was} 15...
Qb6) 16. dxc6 Qxc6 $6 ({It was very difficult to calculate variations like} 
16... a6 17. c7 Nc6 18. Nd5 Qd6 19. Nb6 Nd4) 17. O-O $2 ({Cmilyte had to go
here va banque} 17. Nxg4 $1 fxg4 18. Nxb5 O-O 19. Rd6 Bf5 20. Rxc6 Bxc2 21.
Rxc4 Bf5 22. Nc7) 17... a6 18. Nd5 Ra7 $1 {This move from the Polugaevsky
Sicilian cements Black's position.} 19. b3 c3 20. Rd3 $6 ({The correct was to
bring all forces into the game} 20. Rfe1 O-O 21. Nf1) 20... O-O 21. Rc1 Be6 ({
A good option was} 21... Rd7) 22. Nxc3 Rc8 23. b4 Rd7 {The pin on the c-file
is extremely unpleasant.} 24. Re3 Rdc7 25. Qd2 Nd7 26. Bd1 Ne5 27. Ne2 Nc4 {
Finally the black pieces control all central squares - White is in deep
trouble.} 28. Qe1 ({Black wins after} 28. Bb3 Nxd2 29. Bxe6+ Qxe6 30. Rxc7 Ne4)
28... Qd6 29. Rb3 Nb2 30. Rxc7 Rxc7 31. Nf4 Rc1 $1 32. Qxe6+ Qxe6 33. Nxe6
Rxd1+ 34. Nf1 Nc4 35. Nxg7 Kxg7 {Everything is equal, but the black pieces are
much better placed.} 36. Rc3 Nd2 37. Rc7+ Kf8 38. Rc6 Nxf1 39. Rxh6 Nxg3+ 0-1

[Event "EU-ch 19th"]
[Site "Batumi"]
[Date "2018.03.22"]
[Round "6"]
[White "Wojtaszek, Radoslaw"]
[Black "Saric, Ivan"]
[Result "1-0"]
[WhiteElo "2738"]
[BlackElo "2657"]
[Annotator "Mikhalchishin,A"]
[PlyCount "67"]
[EventDate "2018.03.17"]
[EventType "swiss"]
[EventRounds "11"]
[EventCountry "GEO"]
[SourceTitle "CBM 184"]
[Source "ChessBase"]
[SourceDate "2018.05.16"]
[SourceVersion "1"]
[SourceVersionDate "2018.05.16"]
[SourceQuality "1"]

{This was probably the best game of the Championship, but Saric was not deeply
affected by this loss!} 1. d4 d5 2. c4 c6 3. Nf3 Nf6 4. Nc3 e6 5. Bg5 h6 6.
Bxf6 Qxf6 7. e3 g6 8. Be2 Bg7 {Wojtaszek has played this position a few times,
so he is really well prepared.} (8... Nd7 9. O-O Bg7 (9... dxc4 $6 10. Nd2 $14)
10. e4 (10. cxd5 exd5 11. b4 {is a typical position that is supposed to be
pleasant for White}) 10... dxe4 11. Nxe4 Qf4 12. Qc2 Nf6 (12... f5 13. Ned2 c5
14. g3 Qc7 15. d5 O-O 16. dxe6 Nf6 17. Nh4 Kh7 18. Bd3 Bxe6 19. Rae1 Bf7 20.
Ndf3 Rfe8 21. Ng2 Nd7 22. Nf4 Ne5 {Wojtaszek,R (2727)-Ding,L (2766) Huaian
2016, with very good play.} (22... Qc6)) 13. Nxf6+ Qxf6 14. c5 O-O 15. Rad1 Rd8
16. Ne5 Bd7 17. Rd3 Be8 18. Rfd1 Qe7 19. Bf3 Rac8 20. g3 b6 21. b4 bxc5 22.
bxc5 Qc7 23. Nc4 {Wojtaszek,R (2727)-Ding,L (2766) Huaian 2016, White keeps
strict control of the centre,}) 9. O-O O-O ({White can start a minority attack
after} 9... Nd7 10. cxd5 exd5 11. b4) 10. Ne5 ({Usually White has opened the
centre here with} 10. e4 Nd7 (10... dxc4 11. Bxc4 (11. e5 Qe7 12. Bxc4 Nd7 13.
Qe2 b5 14. Bd3 b4 15. Ne4 c5 16. Nd6 cxd4 17. Qe4 Rb8 18. Qxd4 Bb7 19. Nxb7
Rxb7 20. Rad1 Qc5 21. Qe4 Rbb8 22. Rfe1 Rfd8 23. h4 Qa5 24. Bc4 Rbc8 {Sebenik,
M (2534)-Bok,B (2611) Hersonissos GRE 2017, with equality.}) 11... Qd8 12. e5
c5 13. dxc5 Nd7 14. Qe2 Nxc5 15. Rfd1 Qe7 16. Nb5 Bd7 17. Nd6 a5 18. Qe3 {
Lenic,L (2650)-Giri,A (2762) Hersonissos GRE 2017, the strong knight on d6
guarantees an advantage.}) (10... dxe4 11. Nxe4 Qf4 12. Qc2 f5 13. Nc5 Bxd4 14.
Nd3 Qd6 15. c5 Qd8 16. Nf4 Bg7 17. Nxg6 Re8 18. Nfe5 Nd7 19. Rad1 Qc7 20. Nc4
Nf6 21. Nd6 {Moiseenko,A (2670)-Korobov,A (2684) Kharkov 2010, The power of
the knights!}) 11. exd5 ({The critical move could be} 11. e5 {while the game
could continue:} Qe7 12. Re1 Rd8 $1 13. c5 b6 14. b4 a5 15. a3 axb4 16. axb4
Rxa1 17. Qxa1 bxc5 18. bxc5 f6 19. exf6 Qxf6 $13) 11... exd5 12. cxd5 c5 13.
Ne4 Qb6 14. dxc5 Nxc5 15. Nxc5 Qxc5 16. Rc1 Qb6 $5 $146 (16... Qb4 17. b3 Bf5 (
17... Rd8 $5) 18. Bd3 Bd7 {0-1 (57) Bacrot,E (2722)-Eljanov,P (2732) Shamkir
AZE 2014, was also quite fine for Black, and after} 19. Rc7 $5 $146 Rfd8 20.
Qd2 Qd6 21. Rxb7 Qxd5 22. Be4 Qxd2 23. Nxd2 Bf5 24. Bxf5 Rxd2 {Black would
easily make a draw.}) 17. b3 Qd6 $1 {Preventing Nd2. Black, again, has typical
compensation for the pawn.} 18. Qd2 (18. Nd2 Qxd5 19. Bf3 Qa5 20. Nc4 Qxa2 21.
Bd5 Be6 $11) 18... Bf5 19. Nh4 Bd7 20. g3 Rac8 21. Ng2 h5 22. Ne3 {1/2 (22)
Edouard,R (2679)-Matlakov,M (2685) Helsingor 2014 CBM 162 [Edouard,R]} (22. a4
{with the idea} a6 23. a5 {was also critical, but I believe that in the
long-term the pawn would be weak on a5. After something like} Rfe8 24. Ne3 Bh6
25. Rxc8 Bxc8 {I do not think White can be better, and I would even prefer to
play the position with Black.}) (22. Ne3 b5 23. Rxc8 Rxc8 24. Rc1 Rxc1+ (24...
Re8 $5) 25. Qxc1 Bd4 $11)) ({The whole idea of delaying ...Nd7 was shown in
the following game:} 10. cxd5 exd5 11. b4 Be6 $1 {Black has the time to
develop his light-squared bishop before going ...Nd7, which makes a quite
important difference.} 12. Qb3 Qd8 13. Rfd1 Nd7 $11 {0-1 (57) Bacrot,E (2722)
-Eljanov,P (2732) Shamkir AZE 2014}) 10... Nd7 11. f4 Qe7 ({There was the
passive, but playable elimination of this strong knight:} 11... Nxe5 12. fxe5
Qe7 13. Qc2 Bd7 14. a3 f5 15. c5) 12. Qb3 Nxe5 ({White kept an advantage also
after} 12... g5 13. g3 Nxe5 14. fxe5 f6 15. exf6 Bxf6 16. Rf2) 13. fxe5 Bd7 14.
cxd5 ({It was necessary to calculate carefully} 14. Qxb7 Rab8 (14... Rfb8 15.
Qc7 Rxb2 16. Rab1) 15. Qxa7 (15. Qa6 Rxb2 16. Qxa7) 15... Ra8 16. Qb7 Rfb8 17.
Qc7 Rc8 18. Qd6 $2 Qd8) 14... cxd5 15. e4 $1 {The most energetic treatment.}
dxe4 ({Saric did not like to have a weakness on d5 for a long time:} 15... Bc6
16. exd5 exd5 17. Rae1 Rae8 18. Bf3) 16. Nxe4 Bc6 17. Nf6+ Bxf6 18. Rxf6 ({
Black would suffer even in the rook ending:} 18. exf6 Qd6 19. Qe3 Qd5 20. Bf3
Qg5 21. Qxg5 hxg5 22. Bxc6 bxc6 23. Rac1 Rfb8 24. Rf2 Rd8 25. Rc4) 18... Rad8
19. Rd1 Rd7 20. h4 Rfd8 21. Qc3 Qf8 22. a3 Qg7 23. Rf4 g5 $2 {Nobody forced
this weakening move.} ({Here and before it was necessary to build a passive
defence like} 23... a6 24. Rdf1 Rc7 25. Qe3 Rdd7) 24. hxg5 hxg5 25. Rg4 f5 26.
exf6 Qxf6 27. Rf1 Qh6 28. d5 $1 {Opening the position means starting a
decisive attack on the kingside.} Bxd5 29. Rf6 Qh5 ({Or} 29... Qg7 30. Qe5) 30.
Rg3 Qh7 31. Bd3 Be4 32. Rxg5+ Rg7 33. Rxg7+ Qxg7 (33... Kxg7 34. Rf4+) 34. Bxe4
1-0

[Event "ISR-chT"]
[Site "Israel"]
[Date "1999.02.26"]
[Round "5"]
[White "Mikhalevski, Victor"]
[Black "Kaspi, Alexander"]
[Result "0-1"]
[WhiteElo "2531"]
[BlackElo "2510"]
[Annotator "Mikhalevski,V"]
[PlyCount "68"]
[EventDate "1999.01.??"]
[EventType "team"]
[EventRounds "11"]
[EventCountry "ISR"]
[SourceTitle "CBM 070"]
[Source "ChessBase"]
[SourceDate "1999.06.08"]
[SourceVersion "1"]
[SourceVersionDate "1999.06.08"]
[SourceQuality "1"]

1. d4 d5 2. c4 c6 3. Nf3 Nf6 4. Nc3 e6 5. Bg5 h6 6. Bh4 dxc4 7. e4 g5 8. Bg3 b5
9. Be2 Nbd7 10. h4 $6 $146 {A dubious opening experiment.} (10. e5 {White
usually chooses between 1)10.0-0 which after 10...Bb7 leads to 9...Bb7;2)10.e5
/\h4 and then Nf3-d2-e4 or 3)immediate 10.d5.You can find examplary games
concerning all these lines below.} Nd5 (10... Nh5 11. Nd2 Nxg3 12. fxg3 Be7 13.
Bh5 Rf8 14. Qg4 Qb6 15. O-O Nxe5 16. Qe4 Nd7 17. Rxf7 $13 {1/2-1/2 Danschczyk,
C-Werner,M/BL9495 1995/GER-chT (37)}) 11. h4 g4 12. Nd2 h5 13. Nde4 Bb7 14. O-O
a6 15. a4 Qb6 16. a5 (16. Ng5 $6 c5 17. axb5 axb5 18. Rxa8+ Bxa8 19. Nxd5 Bxd5
20. dxc5 Bxc5 21. Qd2 Bd4 22. Rd1 Bxe5 23. Bxe5 Nxe5 24. Qf4 f6 $1 25. b3 O-O
26. bxc4 bxc4 $19 {0-1 Forster,R-Dreev,A/Elista 1998/CBM 66 ext (32)}) 16...
Qa7 17. Qd2 Bh6 18. Nd6+ Kf8 19. Qc2 c5 20. dxc5 Nb4 21. Qd1 Nxc5 22. Ndxb5
axb5 23. Qd6+ Kg8 24. Nxb5 Bf8 25. Qd4 Qa6 26. Nd6 Qc6 $17 {1-0 Ivanov,S-Dreev,
A/St. Petersburg 1998/CBM 67 noVC (48)}) (10. d5 b4 $5 (10... Bb7 11. dxe6 fxe6
12. Nd4 Nc5 13. O-O Qd7 14. e5 O-O-O 15. exf6 Qxd4 $17 {0-1 Van Wely,L-Porper,
E/Antwerp 1998/EXT 99 (39)}) 11. dxe6 bxc3 (11... fxe6 12. Na4 Be7 13. Bxc4 Nb6
14. Qc2 Nxc4 15. Qxc4 $14 {1/2-1/2 Cramling,P-Galliamova Ivanchuk,A/Belgrade
1996/EXT 97 (57)}) 12. exd7+ Bxd7 13. bxc3 Nxe4 14. Be5 f6 15. Qc2 Bf5 16. Nd4
Bg6 17. Bf3 Qd5 18. Bxf6 Rg8 19. O-O Kf7 20. Rfe1 Re8 {[%csl Rf6]} 21. Bd8 g4
$1 22. Bxg4 Qxd8 $17 {0-1 Savchenko,S-Sveshnikov,E/Moscow 1991/TD (42) Despite
the logical play of both sides there is a feeling White could play better at
some point.}) (10. O-O Bb7 {leads to 9...Bb7.}) 10... b4 {Most general
continuation.} 11. Na4 (11. hxg5 bxc3 12. gxf6 cxb2 13. Rb1 {doesn't promise
sufficient compensation.}) 11... Nxe4 12. Be5 {If White has to give up a
bishop at least he will do it with music.} (12. hxg5 $6 Nxg3 13. fxg3 Qc7 14.
Rh3 Rg8 $1 15. gxh6 Rxg3 $17) 12... Rg8 ({After} 12... Nxe5 13. Nxe5 {[%cal
Ge2h5,Ge2f3] White has good chances to develop strong initiative.}) 13. Qc2 $1
Nef6 (13... Nxe5 14. dxe5 (14. Nxe5 $6 Qxd4 15. Ng4 {[%cal Gc2e4,Ga1d1]} f5 (
15... c3 16. Rd1 Nd2 17. bxc3 bxc3 18. Qxc3 {[%cal Gg4f6]} Qxc3 19. Nxc3 $18)
16. Rd1 b3 $1 17. axb3 Bb4+ 18. Nc3 (18. Kf1 Nd2+ 19. Rxd2 Bxd2 $19) 18... cxb3
$1 19. Qxb3 Qc5 $19) 14... Nc5 (14... g4 15. Qxe4 gxf3 16. Bxf3 $44) 15. Nxc5
Bxc5 16. hxg5 hxg5 17. Bxc4 $44) 14. hxg5 hxg5 15. Qxc4 ({Or} 15. Bxc4 Bb7 {
[%cal Gd8a5,Gg5g4]}) 15... Bb7 {[%cal Gd8a5,Gg5g4]} 16. Nc5 $5 {[%csl Rb7] An
attempt to make use of the bishop on b7.} (16. O-O-O g4 17. Nd2 Qa5 (17... Nxe5
18. dxe5 Nd5 19. Ne4 Qc7 20. Nac5 $44) 18. Bxf6 $1 (18. Nc5 Bxc5 $5 (18... Nxe5
19. dxe5 Qxc5 20. exf6 Qxf2 21. Ne4 Qe3+ $17) 19. Bxf6 Bd6 $17) 18... Qxa4 (
18... Nxf6 $5 19. Nc5 {with some compensation}) 19. Ne4 $1 Nb6 $5 (19... Rc8 $5
) 20. Qb3 Qxb3 21. axb3 Nd5 $15) 16... Bxc5 17. dxc5 g4 18. Bxf6 Qxf6 19. Nd2
a5 $1 {Very important move.Black solves two problems by one stroke:the b4-pawn
is defended and bishop on b7 finds its way out through a6 and finally the
b2-pawn is still hanging.In addition to this White has no time to make use of
the exposed weakness on d6.} (19... Qxb2 $2 {would give White good
counterchances.} 20. Rb1 Qc3 $140 21. Rxb4 $1 {[%csl Rb7]}) 20. O-O-O $2 {
Being displeased by the course of the game I decided to make a drastic turn
and embarked on adventures.} (20. Qc2 $5 {[%cal Gd2e4] defending a pawn,
preventing Ba6 and preparing Nd2-e4 seems better than the game.}) 20... Ba6 $5
(20... Qxf2 $1 {was the simplest way to decide the game in his favour.} 21. Ne4
Qe3+ 22. Kb1 (22. Rd2 Ba6 23. Qc2 Bxe2 24. Re1 Rh8 $1 25. b3 a4 $1 26. Rexe2
Rh1+ 27. Kb2 a3#) 22... Ba6 23. Nd6+ Kd8 $1 (23... Ke7 $4 24. Nf5+ $1 {[%cal
Rf5e7,Rf5e3]} exf5 25. Rxd7+ $1 Kxd7 26. Qxf7+ Qe7 (26... Kc8 27. Qxg8+ Kb7 28.
Rh7+) 27. Rd1+ $18) (23... Kf8 $2 24. Rdf1 $1 f6 (24... Ne5 $2 25. Qxe6) (24...
Bxc4 $4 25. Rxf7#) 25. Rh7 {[%cal Rh7f7]} Rg6 (25... Rg5 26. Qc2 $1 $18 {
[%cal Gh7f7,Gc2h7]}) 26. Qc2 $40) 24. Qe4 (24. Nxf7+ Kc7 25. Qc2 Qxe2 26. Rd2
Qe3 $19) 24... Qxe4+ 25. Nxe4 Bxe2 26. Rd2 Kc7 $19) 21. Qe4 Bxe2 ({Now after} 
21... Qxf2 22. Bxa6 Rxa6 23. Qd3 $1 Qxc5+ (23... Nxc5 24. Qd6 $1) 24. Kb1 {
[%csl Rd6,Rf6][%cal Gd2e4,Rd3a6] White keeps some chances.}) 22. Qxc6 $5 {
[%mdl 512] The idea of 20.0-0-0.} (22. Qxe2 Nxc5 $17) 22... Rd8 $6 {First
inaccuracy.} (22... Qd8 $142 23. Ne4 $1 Bxd1 24. Rh7 $1 (24. Rxd1 Ra7 $1) 24...
Kf8 25. Nd6 Rg5 $1) (22... Bxd1 $5 23. Qxa8+ Qd8 24. Qxd8+ Kxd8 25. Rxd1 Kc7
26. Ne4 Rh8 27. Nd6 Nxc5 28. Nxf7 Rf8 $17) 23. Ne4 Qf4+ 24. Rd2 {[%cal Gh1e1,
Gg2g3]} Bd3 $1 {Most accurate defence.} 25. Re1 (25. Nd6+ Ke7 $19) 25... Bxe4
$2 {Black doesn't feel danger.} ({After accurate} 25... Kf8 $142 {Black is
winning.}) 26. Rxe4 Qg5 27. Red4 {[%csl Rd7][%cal Gc6e8,Gd4d8] Now the pin
along the d-file is essential.} Qe7 $6 {Black still doesn't believe in White's
compensation and finally lets his advantage out.} (27... Kf8 $142 $1) 28. Qc7
$1 {[%cal Gc5c6] The move Black has missed.Now he should play very precisly
not to lose.} Rh8 $1 {[%mdl 256]} 29. Rd1 $1 {[%cal Gc5c6] White has to
protect first rank.} (29. c6 $2 {loses by force after} Rh1+ 30. Kc2 Qc5+ 31.
Kb3 a4+ $1 32. Kxa4 Nb6+ $1 (32... Ra8+ 33. Kb3 Ra3+ $1 34. bxa3 Rb1+ $1 (34...
Qc3+ $2 35. Ka4 Qxa3+ 36. Kb5 Rh5+ 37. Rd5 $18) 35. Rb2 (35. Ka4 Nb6+ $19)
35... Rxb2+ 36. Kxb2 Qxd4+ $19) 33. Kb3 Rxd4 $19) 29... Rh5 $1 {[%mdl 256]} 30.
c6 Rd5 $1 {[%mdl 256] By the series of precise moves Black solves his problems
along the d-file.} 31. Rxd5 exd5 32. Rxd5 $4 $138 {[%mdl 8192] Coarse mistake
in the severe time-trouble.} ({After} 32. cxd7+ Rxd7 ({but not} 32... Qxd7 $2
33. Re1+ Kf8 34. Qe5 $1 {[%cal Ge1h1]}) 33. Qxa5 $13 {In this complicated
position chances of both sides are about equal.}) 32... Nf8 $1 {[%cal Gf8e6] I
have missed this simple move.Now all is over.} 33. Rxd8+ (33. Re5 Ne6) 33...
Qxd8 34. Qe5+ Ne6 0-1

[Event "URS-ch47 First League"]
[Site "Frunze"]
[Date "1979.10.??"]
[Round "6"]
[White "Jussupow, Artur"]
[Black "Dolmatov, Sergey"]
[Result "1-0"]
[WhiteElo "2490"]
[BlackElo "2495"]
[Annotator "Moiseev,V"]
[PlyCount "57"]
[EventDate "1979.10.??"]
[EventType "tourn"]
[EventRounds "17"]
[EventCountry "URS"]
[EventCategory "9"]
[SourceTitle "MCL"]
[Source "ChessBase"]
[SourceDate "1999.07.01"]
[SourceVersion "1"]
[SourceVersionDate "1999.07.01"]
[SourceQuality "1"]

1. c4 c6 2. d4 d5 3. Nc3 Nf6 4. Nf3 e6 5. Bg5 h6 6. Bxf6 Qxf6 7. e3 (7. g3 Nd7
8. Bg2 dxc4 9. O-O Be7 10. e3 O-O 11. Nd2 e5 {N} 12. Nxc4 exd4 13. exd4 $14 {
Speelman,J-Sveshnikov,E/Biel(izt)/1993/1:0/55/}) 7... Bd6 8. a3 (8. Bd3) 8...
Qe7 9. e4 $6 (9. Bd3 $5) 9... dxe4 10. Nxe4 Bc7 11. Bd3 O-O 12. O-O f5 $1 13.
Nc3 (13. Ned2 c5 $1 $10) 13... c5 $2 (13... Nd7 $1 {Yusupov/} 14. Re1 (14. Qc2
e5 15. Bxf5 exd4 16. Nxd4 $2 Qe5 {Yusupov/}) 14... e5 $1 15. dxe5 Nxe5 16. Nxe5
Bxe5 17. Qe2 Re8) 14. Re1 $1 $16 cxd4 15. Nd5 Qd8 16. Nxc7 Qxc7 17. Nxd4 e5 (
17... Qb6 $5 18. Nb3 (18. Nb5 a6 19. c5 Qxc5 20. Rc1 Qb6 21. Nc7 Ra7 22. Nxe6
Bxe6 23. Rxe6 Qxb2 $13) 18... Nd7) 18. Nb5 Qe7 19. c5 $1 Nc6 (19... Qxc5 $2 20.
Rc1 $18) 20. Bc4+ Kh7 21. Qd6 Qxd6 22. Nxd6 a5 (22... Bd7 23. Rad1 (23. Nxb7 $6
Rab8 24. Nd6 Rxb2 $10) 23... b6 24. cxb6 axb6 25. Nf7 $1 $18) (22... e4 23. f4
$16 (23. b4 $16)) 23. f3 Kg6 24. Rad1 a4 25. Bb5 $18 Kf6 26. Bxc6 bxc6 27. Nc4
Re8 28. Rd6+ Re6 29. Nb6 $1 (29. Nb6 $1 Rb8 (29... Rxd6 30. cxd6 Rb8 31. d7 Ba6
32. Nc8 $18) 30. Rd8) 1-0

[Event "Grand Slam Final 4th"]
[Site "Sao Paulo/Bilbao"]
[Date "2011.09.27"]
[Round "2"]
[White "Nakamura, Hikaru"]
[Black "Anand, Viswanathan"]
[Result "1/2-1/2"]
[WhiteElo "2753"]
[BlackElo "2817"]
[Annotator "Moradiabadi,E"]
[PlyCount "75"]
[EventDate "2011.09.26"]
[EventType "tourn"]
[EventRounds "10"]
[EventCountry "BRA"]
[EventCategory "22"]
[SourceTitle "CBM 145"]
[Source "ChessBase"]
[SourceDate "2011.11.11"]
[SourceVersion "1"]
[SourceVersionDate "2011.11.11"]
[SourceQuality "1"]

1. c4 c6 2. d4 d5 3. Nf3 Nf6 4. Nc3 e6 5. Bg5 h6 6. Bh4 dxc4 7. e4 g5 8. Bg3 b5
{The fashionable Moscow system. It is one of the most complicated lines
nowadays, so who else did you expect to play this?!} 9. Ne5 Nbd7 {A rare
choice by Anand.} 10. Nxc6 Qb6 11. d5 Bb7 12. a4 a6 13. Be2 Bxc6 $146 {This
perfectly logical move is a novelty. The other alternative has also been a
successful one in practice, nevertheless there might be something in there
that Anand did not like!} (13... Bg7 14. dxe6 (14. O-O O-O 15. Bf3 {Was this
what caused Anand to refrain from this continuation?}) 14... Bxc6 15. exd7+
Nxd7 16. axb5 axb5 17. Rxa8+ Bxa8 18. O-O Ne5 19. Nd5 Qc5 20. Kh1 O-O 21. f4
gxf4 22. Bxf4 f5 23. b4 Qd6 24. Bf3 fxe4 25. Bxe4 Rd8 26. Rf2 c3 27. Rf3 Bxd5
28. Rd3 Nxd3 {0-1 (28) Kasimdzhanov,R (2695)-Gelfand,B (2733) Nalchik 2009})
14. dxc6 Qxc6 15. axb5 axb5 16. Rxa8+ Qxa8 17. O-O (17. Nxb5 $6 {does not
yield anything after} Bb4+ {and castles.}) 17... Qc6 18. e5 Nd5 19. Nxd5 (19.
Bf3 N7b6 20. Ne4 Bc5 21. Kh1 b4 22. Qe2 {White plans to move his bishop and
play f4, hoping for a devastating attack. Black is a pawn up and has a very
strong majority on the queenside, which is balanced by his exposed king,
making the position unclear.}) 19... Qxd5 20. Qa1 Bg7 21. Rd1 Qc5 $1 {Covers
the a3-f8 diagonal.} 22. Qa8+ Ke7 23. Qb7 Rd8 24. Bf3 Bxe5 $2 (24... Qc8 25.
Qxb5 Qc7 26. Qb4+ Ke8 {seems quiet safe for Black.}) 25. Bxe5 $2 {Returns the
favour.} (25. Bc6 Kf6 (25... Bxg3 26. hxg3 b4 (26... Kf6 $4 {losing to} 27. Qc7
$18) 27. Rxd7+ Rxd7 28. Qxd7+ Kf6 {seems like a piece up position for White to
me!}) 26. Rxd7 Rxd7 27. Bxd7 Bxg3 28. hxg3 b4 29. Be8 Qf8 30. Ba4 Qd6 31. Qf3+
Kg7 32. Qe3 {also seems like a piece up position to me! The position is far
from winning but it seems more promising for White than the game.}) 25... Qxe5
26. Bc6 Kf6 $1 27. Bxd7 Qxb2 28. Rf1 c3 29. Qc7 Ra8 (29... Rxd7 30. Qxd7 c2 31.
Qd2 b4 32. f4 Kg6 {is also drawish.}) 30. Bxe6 fxe6 31. f4 Ra1 32. fxg5+ Kxg5
33. Qg7+ Kh5 34. Qf7+ Kg5 35. Qf6+ Kh5 36. Qf7+ Kg5 37. Qg7+ Kh5 38. Qf7+ {
A nice battle!} 1/2-1/2